| 000 | 00524nam a2200157 i 4500 | ||
|---|---|---|---|
| 001 | 20590 | ||
| 003 | ES-MaACL | ||
| 005 | 20230906152329.0 | ||
| 007 | t| | ||
| 008 | 021114s1959 sp ||||1| spa d | ||
| 100 | 1 |
_aAceytuno y Montero, Pascual F. _918255 |
|
| 245 | 1 | 0 |
_aAnálisis matemático elemental _b: 2ª parte : Algebra, aritmética mercantil / _cpor Pascual F. Aceytuno y Montero. |
| 260 |
_aMadrid : _bDossat, _c1959 ( _fNuevas Gráficas) |
||
| 300 |
_aVI, 685 p. ; _c24 cm. |
||
| 852 |
_aES-MaACL _jC-16534 _bR.44984 |
||
| 999 |
_c20590 _d20590 |
||